[Event "12th Novi Sad it"]
[Site "Novi Sad"]
[Date "1986.10.17"]
[EventDate "1986.10.17"]
[Round "1.1"]
[White "Popchev, Milko"]
[Black "Lazic, Miroljub"]
[Result "1/2-1/2"]
[WhiteElo "2380"]
[BlackElo "2360"]
[PlyCount "158"]
[Source "Perpetual Check"]

1. e4 e5 2. Nc3 Nf6 3. g3 d5 4. exd5 Nxd5 5. Bg2 Nxc3 6. bxc3 Bd6 7. Ne2 O-O 8.
O-O Nd7 9. d3 Rb8 10. c4 b6 11. Nc3 Nf6 12. Nb5 a6 13. Na7 Bb7 14. Nc6 Bxc6 15.
Bxc6 b5 16. cxb5 axb5 17. Be3 b4 18. Ba7 Ra8 19. Bxa8 Qxa8 20. Be3 Qc6 21. Bd2
Ra8 22. Re1 h6 23. Qc1 Ra3 24. Qb2 Nd5 25. Re4 Qb6 26. Rc4 f6 27. Qc1 Bc5 28.
Qe1 Bd4 29. Rb1 c5 30. Be3 Bxe3 31. fxe3 Qd6 32. Ra1 Nb6 33. Rh4 Na4 34. d4 Nc3
35. Qf1 cxd4 36. exd4 e4 37. Qc4+ Kh7 38. Kh1 f5 39. Rf4 Ra5 40. Raf1 e3 41.
Re1 e2 42. a3 Rxa3 43. Rxf5 Qg6 44. Re5 Qf6 45. Kg1 Ra8 46. Qd3+ Kh8 47. Rf5
Qb6 48. Qc4 Rd8 49. Qc5 Qe6 50. Rf8+ Rxf8 51. Qxf8+ Kh7 52. Qf3 Qg6 53. Rxe2
Nxe2+ 54. Qxe2 Qb6 55. Qc4 Qd6 56. Kg2 Kg6 57. Qd3+ Kf6 58. Qe4 Qc7 59. Qf4+
Qxf4 60. gxf4 Ke6 61. Kf3 Kd5 62. Ke3 Kc4 63. h4 Kc3 64. d5 Kxc2 65. d6 b3 66.
d7 b2 67. d8=Q b1=Q 68. Qc7+ Kb3 69. Qf7+ Ka3 70. Qf8+ Ka4 71. Qa8+ Kb3 72.
Qb7+ Kc2 73. Qc7+ Kb3 74. Qf7+ Ka3 75. Qxg7 Qe1+ 76. Kf3 Qxh4 77. f5 Qh3+ 78.
Ke4 Qh1+ 79. Kd3 Qb1+ 1/2-1/2

[Event "12th Novi Sad it"]
[Site "Novi Sad"]
[Date "1986.10.17"]
[EventDate "1986.10.17"]
[Round "1.2"]
[White "Rakic, Tomislav"]
[Black "Jovic, Ljubomir"]
[Result "1/2-1/2"]
[WhiteElo "2385"]
[BlackElo "2325"]
[PlyCount "21"]
[Source "Perpetual Check"]

1. d4 Nf6 2. Nc3 d5 3. Bg5 h6 4. Bxf6 exf6 5. e3 c6 6. Bd3 f5 7. Nf3 Bd6 8. Ne2
Qf6 9. c4 dxc4 10. Bxc4 O-O 11. O-O 1/2-1/2

[Event "12th Novi Sad it"]
[Site "Novi Sad"]
[Date "1986.10.17"]
[EventDate "1986.10.17"]
[Round "1.3"]
[White "Bojkovic, Slobodan"]
[Black "Sokolov, Ivan"]
[Result "1-0"]
[WhiteElo "2360"]
[BlackElo "2425"]
[PlyCount "79"]
[Source "Perpetual Check"]

1. e4 c5 2. Nf3 d6 3. c3 Nf6 4. Bc4 e6 5. Qe2 Nc6 6. Bb3 d5 7. e5 Nd7 8. d4 Be7
9. O-O O-O 10. Rd1 b6 11. Nbd2 cxd4 12. cxd4 Nb4 13. Ne1 Ba6 14. Qe3 Qc7 15. a3
Nc6 16. Bc2 f6 17. exf6 Rxf6 18. Ndf3 Bd6 19. Qg5 Be2 20. Qh4 Nf8 21. Rd2 Bxf3
22. Nxf3 Rh6 23. Qg4 Bxh2+ 24. Kf1 Bf4 25. Rd1 Rh1+ 26. Ke2 Rxd1 27. Kxd1 Bd6
28. Bh6 Qf7 29. Be3 e5 30. Ng5 Qf6 31. Bb3 Ne7 32. Ne4 Qe6 33. Qxe6+ Nxe6 34.
Nxd6 exd4 35. Bd2 Rd8 36. Ne4 dxe4 37. Bxe6+ Kf8 38. Ke2 Rd6 39. Ba2 Rg6 40.
Kf1 1-0

[Event "12th Novi Sad it"]
[Site "Novi Sad"]
[Date "1986.10.17"]
[EventDate "1986.10.17"]
[Round "1.4"]
[White "Petrovic, Vojislav"]
[Black "Smagin, Sergei"]
[Result "0-1"]
[WhiteElo "2330"]
[BlackElo "2495"]
[PlyCount "156"]
[Source "Perpetual Check"]

1. e4 e5 2. Nf3 Nc6 3. Bb5 a6 4. Ba4 Nf6 5. O-O Be7 6. Re1 b5 7. Bb3 d6 8. c3
O-O 9. h3 Na5 10. Bc2 c5 11. d4 Qc7 12. Nbd2 cxd4 13. cxd4 Bd7 14. Nf1 Rac8 15.
Bb1 Rfe8 16. Ng3 h6 17. Bd2 Nc4 18. Bc3 Bf8 19. Qe2 g6 20. d5 h5 21. Bd3 Bh6
22. b3 Nb6 23. Bd2 Bf4 24. Nf1 Bxd2 25. Qxd2 Qc3 26. Rec1 Qxd2 27. N3xd2 a5 28.
a3 Rc5 29. b4 axb4 30. axb4 Rxc1 31. Rxc1 Ra8 32. Rc7 Ra3 33. Rb7 Nbxd5 34.
Bxb5 Bxb5 35. Rxb5 Nc3 36. Rb8+ Kg7 37. f3 d5 38. exd5 Nfxd5 39. h4 Ra2 40. Kh2
f6 41. Rb7+ Kh6 42. Kh1 Rb2 43. Nc4 Rb1 44. Ncd2 Rxb4 45. Rxb4 Nxb4 46. Ne3
Nbd5 47. Nxd5 Nxd5 48. Ne4 Kg7 49. Kg1 Kf7 50. Kf2 Ne7 51. g3 Nf5 52. Ke2 Ke7
53. Kf2 Nd6 54. Nc5 Nc4 55. Ne4 Nb6 56. Nc3 Ke6 57. Ne4 Ke7 58. Nc3 f5 59. Ke3
Kd6 60. Ne2 Kd5 61. Kd3 e4+ 62. Ke3 Ke5 63. f4+ Kd5 64. Nc3+ Ke6 65. Kd4 Nd7
66. Ne2 Nf6 67. Kc5 Nd7+ 68. Kd4 Kd6 69. Nc3 Nf6 70. Nb5+ Kc6 71. Nc3 Ng4 72.
Nxe4 fxe4 73. Kxe4 Kd6 74. f5 Ke7 75. fxg6 Kf6 76. Kf4 Kxg6 77. Ke4 Kf6 78. Kf4
Ne5 0-1

[Event "12th Novi Sad it"]
[Site "Novi Sad"]
[Date "1986.10.17"]
[EventDate "1986.10.17"]
[Round "1.5"]
[White "Tringov, Georgi"]
[Black "Djuric, Stefan"]
[Result "1/2-1/2"]
[WhiteElo "2450"]
[BlackElo "2450"]
[PlyCount "24"]
[Source "Perpetual Check"]

1. e4 e5 2. Nf3 Nc6 3. Bb5 a6 4. Bxc6 dxc6 5. O-O Bg4 6. h3 h5 7. d3 Qf6 8. Be3
Bxf3 9. Qxf3 Qxf3 10. gxf3 Bd6 11. Nd2 Ne7 12. Nc4 Ng6 1/2-1/2

[Event "12th Novi Sad it"]
[Site "Novi Sad"]
[Date "1986.10.18"]
[EventDate "1986.10.17"]
[Round "2.1"]
[White "Lazic, Miroljub"]
[Black "Rajkovic, Dusan"]
[Result "0-1"]
[WhiteElo "2360"]
[BlackElo "2460"]
[PlyCount "60"]
[Source "Perpetual Check"]

1. e4 c5 2. Nf3 e6 3. d4 cxd4 4. Nxd4 a6 5. Bd3 Nf6 6. Nc3 d6 7. O-O g6 8. Kh1
Bg7 9. f4 O-O 10. a4 Nbd7 11. Nb3 b6 12. Qe2 Qc7 13. Be3 Bb7 14. Bg1 Rfe8 15.
Rad1 Nh5 16. Qd2 Rad8 17. Bd4 Bxd4 18. Nxd4 e5 19. fxe5 dxe5 20. Nde2 Nc5 21.
Qe3 Re7 22. Bc4 Rxd1 23. Rxd1 Nxe4 24. Nxe4 Qxc4 25. Rd8+ Kg7 26. Nd6 Qh4 27.
Nd4 exd4 28. Ne8+ Rxe8 29. Qxe8 Kh6 30. Kg1 Ng7 0-1

[Event "12th Novi Sad it"]
[Site "Novi Sad"]
[Date "1986.10.18"]
[EventDate "1986.10.17"]
[Round "2.2"]
[White "Djuric, Stefan"]
[Black "Izeta Txabarri, Felix"]
[Result "1/2-1/2"]
[WhiteElo "2450"]
[BlackElo "2395"]
[PlyCount "85"]
[Source "Perpetual Check"]

1. d4 Nf6 2. Nf3 c5 3. e3 g6 4. c4 Bg7 5. Be2 O-O 6. O-O d6 7. Nc3 e6 8. e4 Nc6
9. d5 Nd4 10. dxe6 Nxe6 11. Re1 b6 12. Nb5 Bb7 13. Nxd6 Bxe4 14. Ng5 Nxg5 15.
Bxg5 Bc6 16. Qd3 h6 17. Bh4 Qc7 18. Bg3 Rad8 19. Rad1 Qb8 20. Qa3 Qa8 21. Bf1
Ne4 22. Nb5 Nxg3 23. hxg3 a6 24. Nc7 Qb7 25. Nd5 Rd7 26. b4 Bxd5 27. cxd5 Bd4
28. bxc5 bxc5 29. Bc4 Qb6 30. Rd3 Rd6 31. Qc1 Kg7 32. Rf3 Rf6 33. Rxf6 Qxf6 34.
Qf4 Rd8 35. Rb1 Rd6 36. Rb7 g5 37. Qd2 Rb6 38. Rxb6 Qxb6 39. Kh2 Qf6 40. Kg1
Qd6 41. Kf1 Qf6 42. Kg1 a5 43. a4 1/2-1/2

[Event "12th Novi Sad it"]
[Site "Novi Sad"]
[Date "1986.10.18"]
[EventDate "1986.10.17"]
[Round "2.3"]
[White "Smagin, Sergei"]
[Black "Tringov, Georgi"]
[Result "1/2-1/2"]
[WhiteElo "2495"]
[BlackElo "2450"]
[PlyCount "27"]
[Source "Perpetual Check"]

1. e4 c5 2. c3 d5 3. exd5 Qxd5 4. d4 e6 5. Nf3 Nf6 6. Na3 Nc6 7. Be2 Qd8 8. Nc2
Be7 9. O-O O-O 10. Ne5 cxd4 11. Nxc6 bxc6 12. Nxd4 Bb7 13. Bf3 Qc7 14. Qc2
1/2-1/2

[Event "12th Novi Sad it"]
[Site "Novi Sad"]
[Date "1986.10.18"]
[EventDate "1986.10.17"]
[Round "2.4"]
[White "Sokolov, Ivan"]
[Black "Petrovic, Vojislav"]
[Result "1-0"]
[WhiteElo "2425"]
[BlackElo "2330"]
[PlyCount "45"]
[Source "Perpetual Check"]

1. e4 c5 2. Nf3 d6 3. d4 cxd4 4. Nxd4 Nf6 5. Nc3 Nc6 6. Bg5 e6 7. Qd2 Be7 8.
O-O-O O-O 9. Nb3 Qb6 10. f3 a6 11. h4 Rd8 12. h5 Qc7 13. Bd3 b5 14. Be3 Ne5 15.
Qf2 Nfd7 16. Kb1 Nc4 17. Bc1 Ndb6 18. g4 b4 19. Ne2 a5 20. Nd2 a4 21. Nxc4 Nxc4
22. h6 g6 23. Qd4 1-0

[Event "12th Novi Sad it"]
[Site "Novi Sad"]
[Date "1986.10.18"]
[EventDate "1986.10.17"]
[Round "2.5"]
[White "Jovic, Ljubomir"]
[Black "Bojkovic, Slobodan"]
[Result "1-0"]
[WhiteElo "2325"]
[BlackElo "2360"]
[PlyCount "60"]
[Source "Perpetual Check"]

1. e4 c5 2. Nc3 Nc6 3. g3 g6 4. f4 Bg7 5. Nf3 d6 6. d3 Nh6 7. h3 f5 8. Bg2 Bd7
9. O-O O-O 10. exf5 gxf5 11. Ng5 e6 12. Re1 Re8 13. Nb5 Bc8 14. c3 a6 15. Na3
Kh8 16. Be3 Bd7 17. Nc4 Qc7 18. Qh5 b5 19. Nxd6 Qxd6 20. Qxh6 Bxh6 21. Nf7+ Kg8
22. Nxd6 Reb8 23. Bxc5 Bf8 24. d4 a5 25. d5 exd5 26. Bxd5+ Kg7 27. Bxc6 Bxc6
28. Nxf5+ Kf6 29. Bxf8 Kxf5 30. g4+ Kf6 1-0

[Event "12th Novi Sad it"]
[Site "Novi Sad"]
[Date "1986.10.18"]
[EventDate "1986.10.17"]
[Round "2.6"]
[White "Popchev, Milko"]
[Black "Rakic, Tomislav"]
[Result "1/2-1/2"]
[WhiteElo "2380"]
[BlackElo "2385"]
[PlyCount "82"]
[Source "Perpetual Check"]

1. d4 g6 2. e4 Bg7 3. Nc3 d6 4. Be3 Nf6 5. f3 O-O 6. Qd2 e5 7. d5 Nh5 8. g4 Nf4
9. Nge2 f5 10. exf5 gxf5 11. h3 Qh4+ 12. Bf2 Qe7 13. O-O-O Nd7 14. Ng3 Nc5 15.
gxf5 Bxf5 16. Nxf5 Rxf5 17. Bxc5 dxc5 18. d6 cxd6 19. Qxd6 Re8 20. Bc4+ Kh8 21.
Ne4 Ng6 22. Rhf1 Rf4 23. Kb1 Qxd6 24. Nxd6 Ref8 25. Bd5 b6 26. Rg1 Nh4 27. Rg4
h5 28. Rg5 Kh7 29. Rdg1 Bh6 30. Rxe5 Nxf3 31. Re7+ Kh8 32. Bxf3 Rxf3 33. a4
Rf1+ 34. Rxf1 Rxf1+ 35. Ka2 Bf8 36. Rd7 Rf4 37. a5 Bxd6 38. Rxd6 Ra4+ 39. Kb1
Rxa5 40. Rh6+ Kg7 41. Rxh5 Ra4 1/2-1/2

[Event "12th Novi Sad it"]
[Site "Novi Sad"]
[Date "1986.10.19"]
[EventDate "1986.10.17"]
[Round "3.1"]
[White "Rakic, Tomislav"]
[Black "Lazic, Miroljub"]
[Result "0-1"]
[WhiteElo "2385"]
[BlackElo "2360"]
[PlyCount "90"]
[Source "Perpetual Check"]

1. d4 Nf6 2. Nc3 d5 3. Bg5 e6 4. e4 Be7 5. e5 Nfd7 6. h4 Bxg5 7. hxg5 Qxg5 8.
Nh3 Qe7 9. Qg4 f5 10. Qh5+ Qf7 11. Qh4 Qe7 12. Qh5+ Qf7 13. Qxf7+ Kxf7 14. Nb5
Na6 15. Ng5+ Ke7 16. Rxh7 Rxh7 17. Nxh7 Nf8 18. Ng5 Bd7 19. O-O-O Ng6 20. Nc3
Nb4 21. a3 Nc6 22. g3 Rh8 23. Bh3 Rh5 24. f4 Nh8 25. Bf1 Nf7 26. Nf3 g5 27. Nb5
Kd8 28. c4 Ne7 29. Nc3 Bc6 30. Be2 Rh3 31. Rg1 gxf4 32. gxf4 dxc4 33. Ng5 Nxg5
34. fxg5 Bd5 35. g6 f4 36. g7 Rg3 37. Rf1 f3 38. Nxd5 exd5 39. Rxf3 Rxg7 40.
Rf8+ Kd7 41. Rf4 c5 42. dxc5 Kc6 43. b4 cxb3 44. e6 Kxc5 45. Rf7 Rg1+ 0-1

[Event "12th Novi Sad it"]
[Site "Novi Sad"]
[Date "1986.10.19"]
[EventDate "1986.10.17"]
[Round "3.2"]
[White "Bojkovic, Slobodan"]
[Black "Popchev, Milko"]
[Result "0-1"]
[WhiteElo "2360"]
[BlackElo "2380"]
[PlyCount "92"]
[Source "Perpetual Check"]

1. e4 d6 2. d4 Nf6 3. Nc3 g6 4. Be2 Bg7 5. h4 Nc6 6. Be3 e5 7. d5 Nd4 8. Bxd4
exd4 9. Qxd4 O-O 10. Qd3 c6 11. h5 cxd5 12. hxg6 hxg6 13. f3 dxe4 14. fxe4 d5
15. O-O-O Nxe4 16. Qxd5 Bf5 17. Qxd8 Rfxd8 18. Nxe4 Bxe4 19. Nf3 Bf6 20. c3 Kg7
21. Rxd8 Rxd8 22. Rd1 g5 23. Rxd8 Bxd8 24. g4 Bc7 25. Kd1 Kf6 26. Nd2 Bc6 27.
Nf3 Bd5 28. b3 Be4 29. Ke1 Bg3+ 30. Kf1 Be5 31. Nd2 Bc2 32. Bf3 b6 33. Bc6 Kg6
34. c4 f5 35. Nf3 Bc3 36. Bd7 Kf6 37. Ke2 fxg4 38. Bxg4 Bf5 39. Bh5 g4 40. Ng1
Kg5 41. Be8 Kf4 42. Bc6 Bd4 43. Kf1 Ke3 44. Ke1 Bd3 45. Bd7 Bc3+ 46. Kd1 Kf2
0-1

[Event "12th Novi Sad it"]
[Site "Novi Sad"]
[Date "1986.10.19"]
[EventDate "1986.10.17"]
[Round "3.3"]
[White "Petrovic, Vojislav"]
[Black "Jovic, Ljubomir"]
[Result "1-0"]
[WhiteElo "2330"]
[BlackElo "2325"]
[PlyCount "117"]
[Source "Perpetual Check"]

1. e4 d5 2. exd5 Qxd5 3. Nc3 Qa5 4. d4 c6 5. Bc4 Nf6 6. Nf3 Bg4 7. h3 Bh5 8.
Bd2 Qc7 9. Qe2 Nbd7 10. g4 Bg6 11. Ne5 e6 12. O-O-O Nxe5 13. dxe5 Nd7 14. f4
O-O-O 15. Rhf1 Re8 16. Be3 Bc5 17. Bxc5 Nxc5 18. Rd6 h5 19. Qf2 Nd7 20. Qxa7
hxg4 21. hxg4 Qb6 22. Qxb6 Nxb6 23. Bd3 Bxd3 24. Rxd3 Rh4 25. Ne4 Kc7 26. Nd6
Re7 27. Rb3 Rh8 28. c4 Rb8 29. g5 Nd7 30. Ne4 Ra8 31. Kb1 b6 32. Rh1 Ree8 33.
Rd3 Rh8 34. Rdh3 Rxh3 35. Rxh3 b5 36. cxb5 Ra4 37. bxc6 Nb6 38. Nd6 Rxf4 39.
Rh7 Kxc6 40. Rxg7 Rf1+ 41. Kc2 Rf2+ 42. Kb3 Rf3+ 43. Kb4 Nd5+ 44. Kc4 Rf2 45.
Nxf7 Ne3+ 46. Kb3 Nf5 47. Nd8+ Kd5 48. Rd7+ Kxe5 49. Nc6+ Ke4 50. a4 Rf1 51.
Kb4 Rc1 52. Kb5 Rg1 53. a5 Rxg5 54. Kb6 Ne3 55. Rd4+ Kf3 56. a6 Rg2 57. b4 Nd5+
58. Rxd5 exd5 59. a7 1-0

[Event "12th Novi Sad it"]
[Site "Novi Sad"]
[Date "1986.10.19"]
[EventDate "1986.10.17"]
[Round "3.4"]
[White "Tringov, Georgi"]
[Black "Sokolov, Ivan"]
[Result "0-1"]
[WhiteElo "2450"]
[BlackElo "2425"]
[PlyCount "60"]
[Source "Perpetual Check"]

1. e4 c5 2. Nf3 d6 3. d4 cxd4 4. Nxd4 Nf6 5. Nc3 a6 6. Bg5 e6 7. Qd2 Be7 8.
O-O-O b5 9. a3 Bb7 10. f3 Nbd7 11. h4 Rc8 12. g4 Ne5 13. Rh3 h6 14. Be3 Nfd7
15. g5 Nb6 16. f4 Nec4 17. Qe1 hxg5 18. hxg5 Rxh3 19. Bxh3 Nxe3 20. Qxe3 Nc4
21. Qg3 g6 22. Qh4 b4 23. axb4 Qb6 24. b5 axb5 25. Qh7 Qa7 26. Nb3 Qe3+ 27. Kb1
Na3+ 28. bxa3 Qxc3 29. Nd4 Bxe4 30. Qg8+ Bf8 0-1

[Event "12th Novi Sad it"]
[Site "Novi Sad"]
[Date "1986.10.19"]
[EventDate "1986.10.17"]
[Round "3.6"]
[White "Rajkovic, Dusan"]
[Black "Djuric, Stefan"]
[Result "1-0"]
[WhiteElo "2460"]
[BlackElo "2450"]
[PlyCount "57"]
[Source "Perpetual Check"]

1. d4 d5 2. Nf3 Nf6 3. c4 c6 4. Nc3 e6 5. Bg5 h6 6. Bxf6 Qxf6 7. Qc2 dxc4 8. e4
b5 9. Be2 Nd7 10. a4 Bb4 11. O-O e5 12. axb5 exd4 13. bxc6 Nb6 14. Nd5 Nxd5 15.
exd5 d3 16. Qxc4 dxe2 17. Qxb4 exf1=Q+ 18. Rxf1 a5 19. Re1+ Be6 20. Qc5 Qe7 21.
d6 Qa7 22. d7+ Kd8 23. Qe5 Qb6 24. Qxg7 Kc7 25. Rxe6 Raf8 26. Qe5+ Kd8 27. Re8+
Rxe8 28. dxe8=Q+ Rxe8 29. Qd6+ 1-0

[Event "12th Novi Sad it"]
[Site "Novi Sad"]
[Date "1986.10.20"]
[EventDate "1986.10.17"]
[Round "4.1"]
[White "Lazic, Miroljub"]
[Black "Djuric, Stefan"]
[Result "0-1"]
[WhiteElo "2360"]
[BlackElo "2450"]
[PlyCount "84"]
[Source "Perpetual Check"]

1. e4 e5 2. Nf3 Nc6 3. Bc4 Nf6 4. d3 h6 5. O-O g6 6. d4 exd4 7. Nxd4 Bc5 8.
Nxc6 dxc6 9. Qxd8+ Kxd8 10. Be3 Bxe3 11. fxe3 Ke7 12. Bxf7 Kxf7 13. e5 Re8 14.
Rxf6+ Kg7 15. Rf3 Rxe5 16. Nc3 b5 17. Raf1 Be6 18. Nd1 Rd8 19. Nf2 Rc5 20. c3
Rcd5 21. Ne4 Re5 22. Ng3 h5 23. h4 Rd2 24. R1f2 Rd7 25. e4 a5 26. a3 c5 27. Rf8
Bf7 28. Ra8 a4 29. Rb8 c4 30. Rb7 Be8 31. Kf1 Ree7 32. Ke1 Rd3 33. Rf3 Bc6 34.
Rxd3 cxd3 35. Rb8 Bxe4 36. Kd2 c6 37. Nxe4 Rxe4 38. Kxd3 Rxh4 39. Rc8 Rg4 40.
Rxc6 Rxg2 41. c4 Rxb2 42. cxb5 Rxb5 0-1

[Event "12th Novi Sad it"]
[Site "Novi Sad"]
[Date "1986.10.20"]
[EventDate "1986.10.17"]
[Round "4.4"]
[White "Jovic, Ljubomir"]
[Black "Tringov, Georgi"]
[Result "0-1"]
[WhiteElo "2325"]
[BlackElo "2450"]
[PlyCount "124"]
[Source "Perpetual Check"]

1. e4 c5 2. Nc3 Nc6 3. g3 g6 4. Bg2 Bg7 5. f4 d6 6. Nf3 e6 7. O-O Nge7 8. d3
O-O 9. h3 Rb8 10. Be3 Nd4 11. Nh2 b5 12. Qd2 b4 13. Nd1 Qa5 14. g4 f5 15. gxf5
exf5 16. Bxd4 Bxd4+ 17. Kh1 Qc7 18. Nf3 Bg7 19. c4 Bd7 20. Ne3 Rbe8 21. Nd5 Qd8
22. Rae1 fxe4 23. Nxe7+ Rxe7 24. dxe4 Bc6 25. Nh2 Ref7 26. Rd1 Qa8 27. Qxd6
Bxe4 28. Rd5 Bxg2+ 29. Kxg2 Bd4 30. Ng4 Kg7 31. Kg3 h5 32. Ne5 Bxe5 33. Qxe5+
Kh7 34. Rxc5 h4+ 35. Kh2 Re8 36. Qd4 Re2+ 37. Rf2 Qe8 38. Kg2 Qe7 39. Rg5 Rxf2+
40. Qxf2 Qe4+ 41. Qf3 Qc2+ 42. Kh1 Qc1+ 43. Rg1 Qxc4 44. Rf1 Qxa2 45. Qe4 Qa6
46. Kg2 Qd6 47. Rf2 a5 48. b3 Rf5 49. Kh2 Rd5 50. Qg2 Qe6 51. Re2 Qf5 52. Qf2
Qf6 53. Qf3 Rd4 54. Rf2 Qf5 55. Qb7+ Rd7 56. Qg2 Rd3 57. Rf3 Rc3 58. Rf2 Rxb3
59. Qf1 Rc3 60. Re2 b3 61. Re5 Qc2+ 62. Re2 Qxe2+ 0-1

[Event "12th Novi Sad it"]
[Site "Novi Sad"]
[Date "1986.10.20"]
[EventDate "1986.10.17"]
[Round "4.5"]
[White "Popchev, Milko"]
[Black "Petrovic, Vojislav"]
[Result "1/2-1/2"]
[WhiteElo "2380"]
[BlackElo "2330"]
[PlyCount "34"]
[Source "Perpetual Check"]

1. e4 c5 2. f4 d5 3. Nc3 dxe4 4. Nxe4 Qc7 5. g3 Nf6 6. Nf2 g6 7. b3 Bg7 8. Bb2
Nc6 9. Nf3 O-O 10. Qe2 Bf5 11. Bg2 Rad8 12. O-O Nd4 13. Nxd4 cxd4 14. Rac1 Rfe8
15. Nd3 h5 16. Rfe1 Nd7 17. Qf3 Nc5 1/2-1/2

[Event "12th Novi Sad it"]
[Site "Novi Sad"]
[Date "1986.10.21"]
[EventDate "1986.10.17"]
[Round "5.1"]
[White "Bojkovic, Slobodan"]
[Black "Lazic, Miroljub"]
[Result "1-0"]
[WhiteElo "2360"]
[BlackElo "2360"]
[PlyCount "121"]
[Source "Perpetual Check"]

1. e4 e5 2. Bc4 Nf6 3. d3 Nc6 4. Nf3 Be7 5. O-O O-O 6. Re1 d6 7. c3 Na5 8. Bb5
a6 9. Ba4 b5 10. Bc2 c5 11. Nbd2 Re8 12. Nf1 Bf8 13. h3 g6 14. Ng3 Qc7 15. Bg5
Bg7 16. Qd2 Bb7 17. Bh6 Bh8 18. Qg5 Nc6 19. h4 Bc8 20. h5 Nd8 21. Rad1 Bg4 22.
Ra1 Bxh5 23. Nh2 Ne6 24. Qh4 Bg7 25. Bd2 h6 26. Nxh5 Nxh5 27. Ng4 Kh7 28. g3
Qe7 29. Qh2 Qf8 30. Kg2 Nf6 31. Ne3 h5 32. Rh1 Bh6 33. f3 Qg7 34. Raf1 Bg5 35.
f4 Bh6 36. Rf3 exf4 37. gxf4 Rad8 38. Kf1 Rb8 39. Rg1 Nf8 40. Nf5 Qh8 41. Nxh6
Kxh6 42. f5+ Kh7 43. Qxd6 N8d7 44. d4 Qf8 45. Qg3 Qg7 46. e5 Ng4 47. Qh4 Ndxe5
48. dxe5 Qxe5 49. fxg6+ Kg7 50. Rxg4 Qe2+ 51. Kg1 f5 52. Rxf5 Qxg4+ 53. Qxg4
hxg4 54. Rxc5 Rb7 55. Rh5 Rbe7 56. c4 Re2 57. Bc3+ Kf8 58. Rh8+ Ke7 59. Rxe8+
Kxe8 60. g7 Kf7 61. Bb3 1-0

[Event "12th Novi Sad it"]
[Site "Novi Sad"]
[Date "1986.10.21"]
[EventDate "1986.10.17"]
[Round "5.2"]
[White "Petrovic, Vojislav"]
[Black "Rakic, Tomislav"]
[Result "1/2-1/2"]
[WhiteElo "2330"]
[BlackElo "2385"]
[PlyCount "65"]
[Source "Perpetual Check"]

1. e4 g6 2. d4 Bg7 3. Nf3 d6 4. Bd3 Nf6 5. h3 O-O 6. O-O Nc6 7. c3 e5 8. Be3
exd4 9. cxd4 Nb4 10. Nc3 Nxd3 11. Qxd3 Re8 12. Rfd1 c6 13. Rac1 h6 14. d5 c5
15. b4 cxb4 16. Nb5 Nxe4 17. Nc7 Nc3 18. Nxe8 Qxe8 19. Re1 Bf5 20. Qd2 Qb5 21.
Bxh6 Qc5 22. Qf4 Bh8 23. Qh4 Bd3 24. Qe7 Bb5 25. Re3 b6 26. Rce1 a5 27. h4 Bg7
28. Bxg7 Kxg7 29. h5 gxh5 30. Re5 dxe5 31. Qg5+ Kf8 32. Qh6+ Kg8 33. Qg5+
1/2-1/2

[Event "12th Novi Sad it"]
[Site "Novi Sad"]
[Date "1986.10.21"]
[EventDate "1986.10.17"]
[Round "5.3"]
[White "Tringov, Georgi"]
[Black "Popchev, Milko"]
[Result "1/2-1/2"]
[WhiteElo "2450"]
[BlackElo "2380"]
[PlyCount "64"]
[Source "Perpetual Check"]

1. e4 e5 2. Nf3 Nf6 3. d3 d6 4. c3 Be7 5. g3 O-O 6. Bg2 c5 7. O-O Nc6 8. Re1 h6
9. Nbd2 Re8 10. d4 Bf8 11. d5 Nb8 12. a4 b6 13. Nc4 a6 14. Nfd2 Nbd7 15. b4 Qc7
16. Qb3 cxb4 17. cxb4 Bb7 18. Bb2 Rac8 19. Rec1 Qb8 20. Qe3 Ba8 21. Bh3 Rc7 22.
a5 bxa5 23. bxa5 Rb7 24. Ba3 Rb5 25. Rcb1 Bb7 26. Nb6 Rd8 27. Rxb5 axb5 28. Bf1
Ba6 29. Rb1 Nxb6 30. axb6 Ng4 31. Qf3 Nf6 32. Qe3 Ng4 1/2-1/2

[Event "12th Novi Sad it"]
[Site "Novi Sad"]
[Date "1986.10.21"]
[EventDate "1986.10.17"]
[Round "5.4"]
[White "Izeta Txabarri, Felix"]
[Black "Jovic, Ljubomir"]
[Result "0-1"]
[WhiteElo "2395"]
[BlackElo "2325"]
[PlyCount "70"]
[Source "Perpetual Check"]

1. d4 c5 2. d5 e5 3. e4 d6 4. c4 Be7 5. Nf3 Bg4 6. Bd3 Nd7 7. a3 h6 8. O-O Bg5
9. Nbd2 Ne7 10. h3 Bxf3 11. Qxf3 h5 12. Bc2 Kf8 13. b4 Ng6 14. Rb1 b6 15. Ba4
Rc8 16. Bxd7 Qxd7 17. bxc5 bxc5 18. Nb3 Bf4 19. Na5 Nh4 20. Qb3 Rh6 21. Bxf4
exf4 22. Kh2 Re8 23. Rbe1 g5 24. Qb7 Qa4 25. Qxa7 g4 26. e5 Qxa3 27. exd6 g3+
28. Kh1 Rxe1 29. Rxe1 gxf2 30. Qe7+ Kg7 31. Qe5+ Kh7 32. Rf1 Qg3 33. Qe4+ Rg6
34. d7 f3 35. Rxf2 Qxf2 0-1

[Event "12th Novi Sad it"]
[Site "Novi Sad"]
[Date "1986.10.21"]
[EventDate "1986.10.17"]
[Round "5.5"]
[White "Rajkovic, Dusan"]
[Black "Sokolov, Ivan"]
[Result "1-0"]
[WhiteElo "2460"]
[BlackElo "2425"]
[PlyCount "57"]
[Source "Perpetual Check"]

1. d4 Nf6 2. c4 e6 3. Nf3 a6 4. g3 b5 5. Nbd2 bxc4 6. Nxc4 Bb7 7. Bg2 Be7 8.
O-O O-O 9. Be3 Bd5 10. Rc1 Nc6 11. Nfe5 Bxg2 12. Kxg2 Nxe5 13. Nxe5 Nd5 14. Bd2
f5 15. e3 Rb8 16. b3 Bd6 17. Nc4 Bb4 18. Bxb4 Rxb4 19. Qe2 f4 20. gxf4 Rxf4 21.
Kh1 Rh4 22. Rg1 Qf6 23. Rg3 Qh6 24. f4 d6 25. Rcg1 g6 26. Nd2 Rh3 27. Ne4 e5
28. Ng5 Rh5 29. Qg2 1-0

[Event "12th Novi Sad it"]
[Site "Novi Sad"]
[Date "1986.10.21"]
[EventDate "1986.10.17"]
[Round "5.6"]
[White "Djuric, Stefan"]
[Black "Smagin, Sergei"]
[Result "0-1"]
[WhiteElo "2450"]
[BlackElo "2495"]
[PlyCount "81"]
[Source "Perpetual Check"]

1. c4 Nf6 2. Nc3 e5 3. Nf3 Nc6 4. a3 d5 5. cxd5 Nxd5 6. e4 Nf4 7. d4 exd4 8.
Bxf4 dxc3 9. Qc2 Qf6 10. Bg5 Qg6 11. Qxc3 Bd6 12. Be3 O-O 13. e5 Be7 14. h4 Qh5
15. Bb5 Rd8 16. Rc1 Bd7 17. Ba4 Re8 18. Kf1 Rad8 19. Kg1 h6 20. b4 Bf8 21. Bf4
Nxb4 22. Bb3 Nc6 23. Ng5 Be6 24. Nxe6 fxe6 25. f3 Nd4 26. Bd1 c5 27. g4 Qf7 28.
Qe3 b5 29. Qe4 c4 30. Kg2 Bxa3 31. Ra1 Bc5 32. Be3 Nb3 33. Bc2 Bxe3 34. Bxb3
Qf4 35. Bc2 Rd2+ 36. Kh3 Rxc2 37. Qxc2 Qxf3+ 38. Kh2 Bf2 39. Rhg1 Qf4+ 40. Kh3
Bxg1 41. Rxg1 0-1

[Event "12th Novi Sad it"]
[Site "Novi Sad"]
[Date "1984.10.22"]
[EventDate "1986.10.17"]
[Round "6.1"]
[White "Lazic, Miroljub"]
[Black "Smagin, Sergei"]
[Result "0-1"]
[WhiteElo "2360"]
[BlackElo "2495"]
[PlyCount "48"]
[Source "Perpetual Check"]

1. e4 e5 2. Nf3 Nc6 3. d4 exd4 4. Bc4 Nf6 5. O-O d6 6. Nxd4 Be7 7. Nc3 O-O 8.
Nxc6 bxc6 9. f4 Bb7 10. Bd3 d5 11. e5 Nd7 12. Bxh7+ Kxh7 13. Qh5+ Kg8 14. Rf3
f6 15. Rh3 Qe8 16. Qh7+ Kf7 17. Be3 Rh8 18. e6+ Kxe6 19. Qxg7 Rxh3 20. f5+ Kd6
21. Bf4+ Ne5 22. Bxe5+ fxe5 23. Re1 Qh8 24. Qg4 Qh4 0-1

[Event "12th Novi Sad it"]
[Site "Novi Sad"]
[Date "1984.10.22"]
[EventDate "1986.10.17"]
[Round "6.2"]
[White "Sokolov, Ivan"]
[Black "Djuric, Stefan"]
[Result "1-0"]
[WhiteElo "2425"]
[BlackElo "2450"]
[PlyCount "79"]
[Source "Perpetual Check"]

1. d4 Nf6 2. c4 g6 3. Nc3 d5 4. cxd5 Nxd5 5. e4 Nb6 6. Be3 Bg7 7. Be2 O-O 8. h3
a5 9. Nf3 a4 10. Rc1 a3 11. b3 f5 12. exf5 Bxf5 13. O-O Nc6 14. Qd2 Nb4 15. Na4
N6d5 16. Ne5 Bxe5 17. dxe5 Nxe3 18. Qxe3 c6 19. Nb6 Ra5 20. Bc4+ e6 21. g4 Nc2
22. Qc3 Be4 23. Rxc2 Rf3 24. Qd2 Qxb6 25. Bxe6+ Kh8 26. Rc3 Rf8 27. Re3 Rd8 28.
Qc3 Rd4 29. Bc4 h5 30. e6 Kh7 31. Rfe1 Re5 32. f4 Ra5 33. e7 Ra8 34. Kh2 hxg4
35. hxg4 g5 36. Rh3+ Kg6 37. f5+ Kg7 38. Rxe4 Qc7+ 39. Kg2 c5 40. Rxd4 1-0